000 00821nam a2200253 i 4500
001 C2-0257790
003 PPAK
005 20180727224632.0
008 040827s2004 my a|||| ||||| | may d
020 _a9834009682
040 _aPPAK
_beng
_cPPAK
_erda
082 0 4 _a613.70285
_223
090 0 0 _a613.70285
_bAHM
_dG
100 0 _aAhmad Hashim,
_eauthor
245 1 0 _aPengukuran kecergasan motor
264 1 _aTanjong Malim :
_bQuantum Books ,
_c2004
300 _ax, 194 pages :
_billustrations ;
_c28 cm
336 _2rdacontent
_atext
337 _2rdamedia
_aunmediated
338 _2rdacarrier
_avolume
500 _aMengandungi indeks
650 1 0 _aPhysical education and training - Measurement - Computer-assisted instruction ; Motor learning - Measurement - Computer-assisted instruction
942 _ddc
_cB
999 _c69518
_d69518